Familia Defilló Martínez : (Registro nro. 13389)
[ vista simple ]
| 000 -LIDER | |
|---|---|
| fixed length control field | 00940nam a2200277 a 4500 |
| 001 - NÚMERO DE CONTROL | |
| Identificador de número de control | 000001576 |
| 003 - IDENTIFICACDOR DE NÚMERO DE CONTROL | |
| control field | DO-SdBNP |
| 005 - DATE AND TIME OF LATEST TRANSACTION | |
| control field | 20210720104050.0 |
| 008 - ELEMENTOS DE LONGITUD FIJA | |
| fixed length control field | 090623t2008 dr ac 000 0cspa d |
| 020 ## - ISBN | |
| International Standard Book Number | 9789993439516 |
| 020 ## - ISBN | |
| International Standard Book Number | 9993439517 |
| 040 ## - FUENTE DE CATALOGACIÓN | |
| Agencia que crea de manera original el registro | BPMSU |
| Idioma de catalogación | spa |
| Agencia que realiza la transcripción | BPMSU |
| 082 ## - NÚMERO DE CLASIFICACIÓN DECIMAL DE DEWEY | |
| Classification number | 929.2 |
| Item number | D313f 2008 |
| Edition number | 22 |
| 100 1# - ASIENTO PRINCIPAL -- NOMBRE PERSONAL | |
| Nombre personal | Defilló Martínez, Bernardo Augusto, |
| Fechas asociadas con el nombre | 1940- |
| 245 10 - MENCIÓN DE TITULO | |
| Título | Familia Defilló Martínez : |
| Subtítulo | apuntes genealógicos / |
| Mención de responsabilidad | Bernardo Defilló. |
| 260 ## - PUBLICACIÓN, DISTRIBUCIÓN, ETC. (PIE DE IMPRENTA) | |
| Lugar de publicación, distribución, etc | Santo Domingo : |
| Nombre del editor, distribuidor, etc. | Ediciones Librería La Trinitaria, |
| Fecha de publicación, distribución, etc | 2008. |
| 300 ## - DESCRIPCIÓN FÍSICA | |
| Extensión | 91 p. : |
| Otros detalles físicos | il., facsíms., retrs. ; |
| Dimensiones | 22 cm. |
| 500 ## - NOTA GENERAL | |
| Nota general | Incluye datos biográficos del autor en las solapas. |
| 504 ## - NOTA DE BIBLIOGRAFÍA, ETC. | |
| Bibliography, etc | Bibliografía : p. 83-86. |
| 590 ## - NOTA LOCAL | |
| Texto de la nota local | Inventariado, 2021/VM |
| 600 14 - ENCABEZAMIENTO DE MATERIA--NOMBRE PERSONAL | |
| Nombre personal | Defilló Martínez (familia) |
| Subdivisión de forma | Genealogía |
| 650 #4 - ENCABEZAMIENTO DE MATERIA--TEMÁTICO | |
| Término temático o nombre geográfico como elemento de entrada | Parentesco |
| 651 #4 - ENCABEZAMIENTO DE MATERIA--NOMBRE GEOGRÁFICO | |
| Nombre geográfico | República Dominicana |
| Subdivisión de forma | Genialogía |
| 910 ## - VALIDACIÓN | |
| Validación | MCabrera /VMateo V |
| 942 ## - ADDED ENTRY ELEMENTS (KOHA) | |
| Source of classification or shelving scheme | Dewey Decimal Classification |
| Koha item type | Libros |
| Withdrawn status | Lost status | Source of classification or shelving scheme | Damaged status | Not for loan | Collection code | Home library | Current library | Date acquired | Source of acquisition | Total Checkouts | Full call number | Barcode | Date last seen | Price effective from | Koha item type | Copy number |
|---|---|---|---|---|---|---|---|---|---|---|---|---|---|---|---|---|
| Dewey Decimal Classification | Colección Dominicana | Biblioteca Pública Metropolitana Salomé Ureña | Biblioteca Pública Metropolitana Salomé Ureña | 03/09/2021 | Compra | BPMSU CD 929.2 D313f 2008 | BPMSU21030012 | 03/09/2021 | 03/09/2021 | Libros | ||||||
| Dewey Decimal Classification | Colección Dominicana | Biblioteca Pública Metropolitana Salomé Ureña | Biblioteca Pública Metropolitana Salomé Ureña | 03/09/2021 | Compra | BPMSU CD 929.2 D313f 2008 | BPMSU21030013 | 03/09/2021 | 03/09/2021 | Libros | e.2 | |||||
| Dewey Decimal Classification | Colección Dominicana | Biblioteca Pública Metropolitana Salomé Ureña | Biblioteca Pública Metropolitana Salomé Ureña | 03/09/2021 | Compra | BPMSU CD 929.2 D313f 2008 | BPMSU21070019 | 07/20/2021 | 03/09/2021 | Libros | e.3 |